000 01287 a2200277 4500
003 Nust
005 20170207154054.0
010 _a 2009018591
020 _a0470525479 (cloth)
020 _a9780470525470 (cloth)
035 _a(OCoLC)ocn316011347
040 _cNust
082 0 0 _a658.4
100 1 _aHarold Kerzner, Frank Saladis.
245 1 0 _aWhat functional managers need to know about project management (E-Book)
_cHarold Kerzner, Frank Saladis.
260 _aHoboken, N.J. :
_bWiley ;
_aNew York :
_bInternational Institute for Learning,
_cc2009.
300 _axii, 244 p. :
_bill. ;
_c24 cm.
490 1 _a[The IIL/Wiley series in project management]
500 _aIncludes index.
500 _aSeries statement from jacket.
505 0 _aProject management principles -- The benefits of project management -- Some implementation complexities -- Role of the major players in project management : the project manager -- Role of the major players in project management : the project sponsor -- Role of the major players in project management : the functional manager.
650 0 _aProject management.
651 _aWhat functional managers need to know about project management (E-Book)
700 1 _aSaladis, Frank P.
830 0 _aIIL/Wiley series in project management.
942 _2ddc
_cBK
999 _c193269
_d193269